书目信息 |
| 题名: |
电子线路学习指导与习题详解
|
|
| 作者: | 刘福太 主编 ;张立民 , 修建华 , 梁发麦 编著 | |
| 分册: | ||
| 出版信息: | 北京 国防工业出版社 2002.06 |
|
| 页数: | 305页 | |
| 开本: | 26cm | |
| 丛书名: | ||
| 单 册: | ||
| 中图分类: | TN710 , TN710-44 | |
| 科图分类: | ||
| 主题词: | 电子电路--高等学校--教学参考资料 | |
| 电子资源: | ||
| ISBN: | 7-118-02771-5 | |
| 000 | 00959nam0 2200277 45 | |
| 001 | 0101023156 | |
| 005 | 20051012160411.31 | |
| 010 | @a7-118-02771-5@dCNY28.00 | |
| 100 | @a20040904d2002 km y0chiy0120 ea | |
| 101 | 0 | @achi |
| 102 | @aCN@b110000 | |
| 105 | @ay z 000yy | |
| 200 | 1 | @a电子线路学习指导与习题详解@Adian zi xian lu xue xi zhi dao yu xi ti xiang jie@f刘福太主编@g张立民 ... [等] 编著 |
| 210 | @a北京@c国防工业出版社@d2002.06 | |
| 215 | @a305页@d26cm | |
| 304 | @a本书其他编著:修建华,梁发麦 | |
| 330 | @a本书全面介绍高校教材《电子线路》课程的学习要点、解题技巧、工程应用方法,包括大量的例题、习题及习题详解。 | |
| 606 | 0 | @a电子电路@x高等学校@x教学参考资料 |
| 690 | @aTN710@v4 | |
| 690 | @aTN710-44@v4 | |
| 701 | 0 | @a刘福太@ALiu Fu Tai@4主编 |
| 702 | 0 | @a张立民@AZhang Li Min@4编著 |
| 702 | 0 | @a修建华@AXiu Jian Hua@4编著 |
| 702 | 0 | @a梁发麦@ALiang Fa Mai@4编著 |
| 801 | 0 | @aCN@bQSSK@c20051012 |
| 905 | @a10447@dTN710@eL616 | |
| 电子线路学习指导与习题详解/刘福太主编/张立民 ... [等] 编著.-北京:国防工业出版社,2002.06 |
| 305页;26cm |
| ISBN 7-118-02771-5:CNY28.00 |
| 本书全面介绍高校教材《电子线路》课程的学习要点、解题技巧、工程应用方法,包括大量的例题、习题及习题详解。 |
| ● |
| 相关链接 |
|
|
|
正题名:电子线路学习指导与习题详解
索取号:TN710/L616
 
预约/预借
| 序号 | 登录号 | 条形码 | 馆藏地/架位号 | 状态 | 备注 |
| 1 | 565752 | 205657528 | 自科库301/301自科库 30排2列3层/ [索取号:TN710/L616] | 在馆 | |
| 2 | 565753 | 205657537 | 自科库301/301自科库 30排2列3层/ [索取号:TN710/L616] | 在馆 | |
| 3 | 565754 | 205657546 | 自科二线404/404自科库 12排1列6层/ [索取号:TN710/L616] | 在馆 |